00657 a2200193 450000100060000002000150000604000220002110000330004324000190007624500140009530000070010936200090011665000470012594200070017295200890017995200890026895200890035799900170044658888 a8585446277 cAnchieta - Pituba aMédici, Miriam de Cássia10aGeografialpor10aGeografia a790 a1999 4aGeografia histórica - Atlas históricos cBK 00104070a91.1b91.1d2023-11-21l0p9742/PITr2023-11-21 18:26:47w2023-11-21yBK 00104070a91.1b91.1d2023-11-21l0p9743/PITr2023-11-21 18:26:47w2023-11-21yBK 00104070a91.1b91.1d2023-11-21l0p9744/PITr2023-11-21 18:26:47w2023-11-21yBK c58888d58888